000 00471nam a22001577a 4500
003 OSt
005 20221026205756.0
008 221021b |||||||| |||| 00| 0 eng d
040 _cBiblioteca LadoV
082 _a708
_bM986m
110 _9158
_aMuseo de Arte Costarricense
_eautor
245 _aMuseo de arte costarricense Memorial Cuatrianual 1998-2002/
260 _aCosta Rica
_c2002
300 _a85p.
_c22x26cm
942 _2ddc
_c1
_h708
_iM986m
_n0
999 _c2363
_d2363